|
|
|
|
| LEADER |
02362nam a2200505 4500 |
| 001 |
978-3-540-44965-2 |
| 003 |
DE-He213 |
| 005 |
20190619004431.0 |
| 007 |
cr nn 008mamaa |
| 008 |
121227s2000 gw | s |||| 0|eng d |
| 020 |
|
|
|a 9783540449652
|9 978-3-540-44965-2
|
| 024 |
7 |
|
|a 10.1007/3-540-44965-5
|2 doi
|
| 040 |
|
|
|d GrThAP
|
| 050 |
|
4 |
|a TP248.13-248.65
|
| 072 |
|
7 |
|a TCB
|2 bicssc
|
| 072 |
|
7 |
|a SCI010000
|2 bisacsh
|
| 072 |
|
7 |
|a TCB
|2 thema
|
| 082 |
0 |
4 |
|a 660.6
|2 23
|
| 245 |
1 |
0 |
|a History of Modern Biotechnology II
|h [electronic resource] /
|c edited by Armin Fiechter.
|
| 250 |
|
|
|a 1st ed. 2000.
|
| 264 |
|
1 |
|a Berlin, Heidelberg :
|b Springer Berlin Heidelberg :
|b Imprint: Springer,
|c 2000.
|
| 300 |
|
|
|a XII, 176 p. 9 illus.
|b online resource.
|
| 336 |
|
|
|a text
|b txt
|2 rdacontent
|
| 337 |
|
|
|a computer
|b c
|2 rdamedia
|
| 338 |
|
|
|a online resource
|b cr
|2 rdacarrier
|
| 347 |
|
|
|a text file
|b PDF
|2 rda
|
| 490 |
1 |
|
|a Advances in Biochemical Engineering/Biotechnology,
|x 0724-6145 ;
|v 70
|
| 505 |
0 |
|
|a The Morphology of Filamentous Fungi -- Antibiotica Research in Jena from Penicillin and Nourseothricin to Interferon -- Development of Bioreaction Engineering -- A View of the History of Biochemical Engineering -- Advances in Enzyme Technology - UK Contributions -- Computer Applications in Bioprocessing -- Automation of Industrial Bioprocesses.
|
| 650 |
|
0 |
|a Biotechnology.
|
| 650 |
|
0 |
|a Chemical engineering.
|
| 650 |
|
0 |
|a Microbiology.
|
| 650 |
1 |
4 |
|a Biotechnology.
|0 http://scigraph.springernature.com/things/product-market-codes/C12002
|
| 650 |
2 |
4 |
|a Industrial Chemistry/Chemical Engineering.
|0 http://scigraph.springernature.com/things/product-market-codes/C27000
|
| 650 |
2 |
4 |
|a Microbiology.
|0 http://scigraph.springernature.com/things/product-market-codes/L23004
|
| 700 |
1 |
|
|a Fiechter, Armin.
|e editor.
|4 edt
|4 http://id.loc.gov/vocabulary/relators/edt
|
| 710 |
2 |
|
|a SpringerLink (Online service)
|
| 773 |
0 |
|
|t Springer eBooks
|
| 776 |
0 |
8 |
|i Printed edition:
|z 9783662145197
|
| 776 |
0 |
8 |
|i Printed edition:
|z 9783662145180
|
| 776 |
0 |
8 |
|i Printed edition:
|z 9783540677925
|
| 830 |
|
0 |
|a Advances in Biochemical Engineering/Biotechnology,
|x 0724-6145 ;
|v 70
|
| 856 |
4 |
0 |
|u https://doi.org/10.1007/3-540-44965-5
|z Full Text via HEAL-Link
|
| 912 |
|
|
|a ZDB-2-CMS
|
| 912 |
|
|
|a ZDB-2-BAE
|
| 950 |
|
|
|a Chemistry and Materials Science (Springer-11644)
|